Red Hot Chili Peppers - Statistiques

Statistiques générales
  • Ce quiz a été pris 202 fois
  • Le résultat moyen est 11 sur 20
Statistiques - réponses
Hint Réponse % Correct
Californication (deluxe) Californication
99%
By the Way (deluxe) By the way
86%
Blood Sugar Sex Magik Under The Bridge
81%
By the Way (deluxe) Can't stop
80%
Californication (deluxe) Otherside
70%
Stadium Arcadium Dani California
69%
Blood Sugar Sex Magik Give it away
67%
Californication (deluxe) Scar Tissue
66%
Unlimited love Black Summer
58%
The getaway Dark Necessities
56%
Stadium Arcadium Snow (Hey Oh)
55%
One hot minute Aeroplane
49%
Californication Around the world
49%
One hot minute My friends
46%
Californication (deluxe) Road Trippin'
42%
By the Way (deluxe) The Zephyr Song
41%
Blood Sugar Sex Magik Suck my kiss
40%
Californication (deluxe) Parallel Universe
30%
I'm with you The Adventures of Rain Dance Maggie
24%
Unlimited love These are the ways
19%
Aucun quiz correspondant
Distribution des résultats
% des personnes avec chaque résultat
Percentile par nombre de réponses
Votre historique - résultats
Vous n’avez pas pris ce quiz